00731nam a2200241 a 4500001001300000003000900013005001700022008004100039020002300080082001600103100002100119245006600140260004300206300000900249500003500258505001000293650001400303700002100317902000800338942000700346952011900353999001700472nice12345678IN_TiNIC20260116014939.0050524s1979 edia grp 000 0 eng  a0443882 c10000a303.69bREM aRemocker, A Jane aAction Speaks Louderb Handbook of Nanverbal Group Techniques aEdinburghbChurchill Livingstonec1979 a169p aincludes index and biblioraphy2 aIndex aMediation1 aRemocker, A Jane bSRC cBK 001040708StackRoom-aHMIbHMId2013-03-14g100.00l0o303.69 REMp11000968r2013-03-14v100.00w2005-05-24yBK c17665d17665